Bài tập sinh học 7

Sách biên soạn dựa theo chương trình và sách giáo khoa Sinh học 7, giúp học sinh củng cố và nâng cao kiến thức sinh học, sách gồm nhiều bài tập có lời giải và nhiều bài tập học sinh tự giải, nội dung của sách bao hàm toàn bộ quá trình tiến ho...

Full description

Saved in:
Bibliographic Details
Main Author: Nguyễn, Văn Khang
Format: Book
Language:Undetermined
Published: Hà Nội Giáo dục Việt Nam 2016
Subjects:
Tags: Add Tag
No Tags, Be the first to tag this record!
Institutions: Trung tâm Học liệu Trường Đại học Cần Thơ
LEADER 01084nam a2200217Ia 4500
001 CTU_217171
008 210402s9999 xx 000 0 und d
020 |c 8900 
082 |a 570.76 
082 |b Kh106 
100 |a Nguyễn, Văn Khang 
245 0 |a Bài tập sinh học 7 
245 0 |c Nguyễn Văn Khang (Chủ biên), Nguyễn Thu Hòa 
260 |a Hà Nội 
260 |b Giáo dục Việt Nam 
260 |c 2016 
520 |a Sách biên soạn dựa theo chương trình và sách giáo khoa Sinh học 7, giúp học sinh củng cố và nâng cao kiến thức sinh học, sách gồm nhiều bài tập có lời giải và nhiều bài tập học sinh tự giải, nội dung của sách bao hàm toàn bộ quá trình tiến hoá từ động vật nguyên sinh cho đến con người. 
650 |a Biology,Sinh học 
650 |x Study and teaching (Secondary),Dạy và học (Trung học) 
904 |i Hải 
980 |a Trung tâm Học liệu Trường Đại học Cần Thơ